000 00992nam a2200253Ia 4500
003 OSt
005 20221005105224.0
006 a|||||r|||| 00| 0
007 ta
008 221004b |||||||| |||| 00| 0 hin d
024 _a110163
037 _cTextual
040 _aCRL
_cCRL
_bhin
041 _2hin
_ahin
082 _aO152,3(Q224):g, M6
100 _aभारती, आशा
245 0 _aरामकथा और उसक प्रमुख नारी - पात्र
_b प्रस्तुतिकरण एवं मनोविज्ञान
246 _aRāmakathā aur usak pramukh nārī - pātra: prastutikaraṇ evan manovijnyāna
260 _aनई दिल्ली
_bइतिहास शोध - संस्थान भारत
_c1986
300 _a308पृ0
_ccm.
650 _aहिन्दी साहित्य
942 _hO152,3(Q224):g, M6
_cTEXL
_2cc
999 _c1015178
_d1015178